| 000 | 00987nam a22002417a 4500 | ||
|---|---|---|---|
| 005 | 20180227140412.0 | ||
| 010 | _a1617EN ENG-117110 | ||
| 020 |
_a9788178244860 _c895.00 |
||
| 035 | _aB-649908-919 | ||
| 035 | _aEN-100642 | ||
| 035 | _aB-664897 | ||
| 037 |
_aDPL _bUppal |
||
| 082 | _a305.5688 | ||
| 245 |
_aDalit studies / _cedited by S,Ramnarayan Rawat [and ] K.Satyanarayana |
||
| 260 |
_aRanikhet _c2015 _bParmanent Black |
||
| 270 |
_a'Himalayana',Mall Road,Ranikhet Cantt, _bRanykhet, _e263645 |
||
| 300 |
_a304p. _b23cm(Hb) |
||
| 700 | _aRawat, Ramnarayan S. | ||
| 700 | _aSatyanarayana, K. | ||
| 942 |
_2ddc _cEN _h305.5688 _mDAL |
||
| 999 |
_c102252 _d102252 |
||